01282nam a2200253 a 450000500170000000800410001702000180005804000350007604100130011108200170012424500850014124600820022626000640030830000370037250000200040950503410042965000240077065000200079465000490081465000490086365000410091265000460095365000290099920200104041730.0110711s2007 pe ab gr 00010 spa d a9789972787317 aCO-BoBLA cCO-BoBLAdCO-BoIAVH1 aengaspa04a551.6 bB67f10aBosques y mercado de carbonobPotencial del MDL forestal en la Comunidad Andina. aForests and the carbon marketbForestry CDM potential in the andean community aLima : bSecretaria General de la Comunidad Andina, c2007. a47 p. , 47 p. : bil. ; c26 cm. aIncluye anexos. a1. El MDL en el contexto de la Convención Marco sobre Cambio Climático y el Protocolo de Kyoto. 2. El MDL Forestal en detalle. 3. El mercado de Carbono. 4. El MDL Forestal en un segundo periodo de compromiso. 5. Promoción y capacitación en MDL Forestal. 6. Principales barreras a superar para el MDL Forestal. 7. Conclusiones.  aEfecto invernadero. aClimatología. aCalentamiento globalx Aspectos ambientales. aCambios climáticosx Aspectos ambientales. aCambios climáticosx Prevención. 4aMonóxido de carbonox Efectos adversos. 4aAprovechamiento forestal